Herby wszystkich województw - Statystyki

Ogólne statystyki
  • Ten quiz został rozwiązany 12 razy
  • Średni wynik to 11 z 16
Statystyki odpowiedzi
Obrazkowy Odpowiedź % Poprawnych
Dolnośląskie
92%
Lubelskie
92%
Mazowieckie
83%
Opolskie
83%
Zachodnio Pomorskie
83%
Podlaskie
75%
Pomorskie
75%
Śląskie
75%
Wielkopolskie
75%
Łódzkie
67%
Małopolskie
67%
Kujawsko Pomorskie
50%
Lubuskie
50%
Świętokrzyskie
50%
Podkarpackie
42%
Warmińsko Mazurskie
42%
Nie znaleziono quizów pasujących do podanych kryteriów
Rozkład punktacji
Procent ludzi z każdym wynikiem
Percentyl według liczby udzielonych odpowiedzi
Twoja historia wyników
Nie rozwiązałeś tego quizu